Recursos humanos en el posgrado, su dinámica de recomposición nacional, 1984-1994 /

সংরক্ষণ করুন:
গ্রন্থ-পঞ্জীর বিবরন
প্রধান লেখক: Rodríguez Sala, María Luisa
বিন্যাস: পাঠ‍্য
বিষয়গুলি:
ট্যাগগুলো: ট্যাগ যুক্ত করুন
কোনো ট্যাগ নেই, প্রথমজন হিসাবে ট্যাগ করুন!

MARC

LEADER 00000 a a2200000 04500
001 45927
003
040
090 |a REV0657 (83) 1996  
100 |a Rodríguez Sala, María Luisa  
245 |a Recursos humanos en el posgrado, su dinámica de recomposición nacional, 1984-1994 /  |c María Luisa Rodríguez Sala  
650 |a RECURSOS HUMANOS  
650 |a POSGRADO  
773 |g número83 (1996), páginas 24-28  
999 |c 37929  |d 37929